Catálogo
 En Linea

Juegos de luces y de sombras. / (Registro nro. 30318)

Detalles MARC
000 -CABECERA
campo de control de longitud fija 00621nam a22002177a 4500
001 - NÚMERO DE CONTROL
campo de control 000030826
003 - IDENTIFICADOR DEL NÚMERO DE CONTROL
campo de control DO-SdBNP
005 - FECHA Y HORA DE LA ÚLTIMA TRANSACCIÓN
campo de control 20220909121317.0
007 - CAMPO FIJO DE DESCRIPCIÓN FÍSICA--INFORMACIÓN GENERAL
campo de control de longitud fija ta
008 - DATOS DE LONGITUD FIJA--INFORMACIÓN GENERAL
campo de control de longitud fija 110531s1939 dr 000 p spa d
040 ## - FUENTE DE LA CATALOGACIÓN
Centro catalogador/agencia de origen DO-SdBNP
Lengua de catalogación spa
Centro/agencia transcriptor BNPHU
082 ## - NÚMERO DE LA CLASIFICACIÓN DECIMAL DEWEY
Número de clasificación xxxx
Número de documento/Ítem V335j
100 ## - ENTRADA PRINCIPAL--NOMBRE DE PERSONA
Nombre de persona Suárez Vásquez, R
9 (RLIN) 30540
245 10 - MENCIÓN DE TÍTULO
Título Juegos de luces y de sombras. /
Mención de responsabilidad, etc. R. Suarez Vásquez.
260 ## - PUBLICACIÓN, DISTRIBUCIÓN, ETC.
Lugar de publicación, distribución, etc. Santiago, República Dominicana :
Nombre del editor, distribuidor, etc. El diario,
Fecha de publicación, distribución, etc. 1939.
300 ## - DESCRIPCIÓN FÍSICA
Extensión 111 p. ;
Dimensiones 20 cm.
500 ## - NOTA GENERAL
Nota general A la cabeza del título Era de Trujillo
590 ## - NOTA LOCAL (RLIN)
Nota local Inventariado, 2022/ YL
910 ## - DATOS DE OPCIÓN DEL USUARIO (OCLC)
Datos de opción del usuario YLockward
942 ## - ELEMENTOS DE PUNTO DE ACCESO ADICIONAL (KOHA)
Fuente del sistema de clasificación o colocación Dewey Decimal Classification
Tipo de ítem Koha Libro
Existencias
Estado de retiro Estado de pérdida Fuente del sistema de clasificación o colocación Restricciones de uso No para préstamo Código de colección Localización permanente Ubicación/localización actual Ubicación en estantería Fecha de adquisición Número de inventario Signatura topográfica completa Código de barras Fecha visto por última vez Precio válido a partir de Tipo de ítem Koha Nota pública Número de copia
    Dewey Decimal Classification Excluido de préstamo   Patrimonio Dominicano Raros y Valiosos Biblioteca Nacional Pedro Henríquez Ureña Biblioteca Nacional Pedro Henríquez Ureña En catalogación 31.05.2011 LF1 xxxx V335j 30826-10 25.06.2020 25.06.2020 Libro Perteneció a la biblioteca personal de Martínez Boog.  
    Dewey Decimal Classification Excluido de préstamo   Patrimonio Dominicano Raros y Valiosos Biblioteca Nacional Pedro Henríquez Ureña Biblioteca Nacional Pedro Henríquez Ureña En catalogación 06.06.2011 LF1 xxxx V335j 30826-20 25.06.2020 25.06.2020 Libro Perteneció a la biblioteca personal de Julio Ortega Frier e. 2

Con tecnología Koha